000 00695cam a22001694a 4500
005 20250605163501.0
008 250528s ||||||||||||||||||||||||d
035 _a20246
040 _aGR-AtMCL
_bgre
_dGR-AtMCL
_eAACR2
245 1 _aStatistics / Including Tutorial Questions and Suggested Solutions
260 _bEmile Woolf And Associates Ltd,
_c1991
300 _a364
520 _aIntroduction to Statistics, Data Description, Probability, Probability Distributions, Sampling, Sample Design, Statistical Inference I: Estimation, Statistical Inference II: Hypothesis Testing, Linear Regression, Correlation, Index Numbers, Time Series.
942 _cBK
999 _c5379
_d5379